[Event "Scarborough CC Falling Leaves U1400"]
[Site "Toronto CAN"]
[Date "2011.11.10"]
[Round "2"]
[White "Mendrinos, Ari"]
[Black "Ming, Wenyang"]
[Result "1-0"]
[WhiteElo "1393"]
[BlackElo "1215"]
[PlyCount "153"]
[GameId "2160767909639411"]
[EventDate "2011.11.03"]
[EventType "swiss"]
[EventRounds "7"]
[EventCountry "CAN"]
[SourceTitle "EXT 2022"]
[Source "ChessBase"]
[SourceDate "2021.10.06"]
[SourceVersion "1"]
[SourceVersionDate "2021.10.06"]
[SourceQuality "1"]

1. c4 g6 2. Nc3 Bg7 3. d3 Nc6 4. g3 d6 5. Bg2 Bd7 6. Nf3 Nf6 7. O-O O-O 8. Bd2 Qc8 9. Ng5 h6 10. Nge4 Bh3 11. Nxf6+ exf6 12. f3 Re8 13. g4 Bxg2 14. Kxg2 Qe6 15. e3 Ne5 16. Qe2 Nc6 17. Nd5 Rac8 18. Rae1 Ne7 19. Nxe7+ Rxe7 20. b3 d5 21. cxd5 Qxd5 22. Bc3 Rd8 23. d4 Rde8 24. e4 b6 25. exd5 Rxe2+ 26. Rxe2 Rxe2+ 27. Rf2 Rxf2+ 28. Kxf2 Kf8 29. Ke3 g5 30. Ke4 a5 31. a4 Ke7 32. b4 axb4 33. Bxb4+ Kd7 34. Kf5 Bh8 35. a5 bxa5 36. Bxa5 Kd6 37. Ke4 Bg7 38. h3 Kd7 39. Bb4 Ke8 40. Kf5 Kd7 41. Ke4 Kd8 42. d6 Kd7 43. dxc7 Kxc7 44. Kf5 Kd7 45. d5 Ke8 46. Ke4 Kd7 47. Kd4 f5+ 48. Kc4 f4 49. Kd3 Ke8 50. Ke4 Kd8 51. Bc5 Kd7 52. Bd4 Bxd4 53. Kxd4 Kd6 54. Kc4 f6 55. Kd4 Ke7 56. Kc5 Kd7 57. d6 Kd8 58. Kd4 Kd7 59. Kd5 Kd8 60. Ke6 Ke8 61. Kxf6 Kd7 62. Kg6 Kxd6 63. Kxh6 Ke6 64. Kxg5 Kf7 65. Kxf4 Kg6 66. h4 Kf6 67. h5 Kg7 68. g5 Kf7 69. Ke5 Kg7 70. Ke6 Kh7 71. f4 Kg7 72. f5 Kh7 73. f6 Kg8 74. Ke7 Kh8 75. g6 Kg8 76. f7+ Kg7 77. f8=Q# 1-0

[Event "Scarborough CC Falling Leaves U1400"]
[Site "Toronto CAN"]
[Date "2011.11.10"]
[Round "2"]
[White "Thornton, Bill"]
[Black "Guo, Thomas"]
[Result "1/2-1/2"]
[WhiteElo "1290"]
[BlackElo "1038"]
[PlyCount "60"]
[GameId "2160767909639415"]
[EventDate "2011.11.03"]
[EventType "swiss"]
[EventRounds "7"]
[EventCountry "CAN"]
[SourceTitle "EXT 2022"]
[Source "ChessBase"]
[SourceDate "2021.10.06"]
[SourceVersion "1"]
[SourceVersionDate "2021.10.06"]
[SourceQuality "1"]

1. d4 g6 2. c4 Bg7 3. Nc3 e6 4. Bf4 d5 5. Nf3 Ne7 6. e3 b6 7. Bd3 Bb7 8. O-O c5 9. cxd5 Bxd5 10. Nxd5 Nxd5 11. Bg3 Nc6 12. Bb5 Rc8 13. Qa4 Qd7 14. Ne5 Bxe5 15. Bxe5 f6 16. Bg3 Kd8 17. dxc5 bxc5 18. Rad1 f5 19. f3 Qg7 20. Bxc6 Ke7 21. Bxd5 exd5 22. Rxd5 Qxb2 23. Qd7+ Kf6 24. Rd6+ Kg5 25. Bf4+ Kh5 26. Qe7 h6 27. Qe6 Rcg8 28. g4+ Kh4 29. Be5 Qe2 30. Bxh8 Kh3 1/2-1/2

[Event "Scarborough CC Falling Leaves U1400"]
[Site "Toronto CAN"]
[Date "2011.11.10"]
[Round "2"]
[White "Wu, Mark"]
[Black "Stroempl, Hedi"]
[Result "1-0"]
[WhiteElo "979"]
[BlackElo "1073"]
[PlyCount "75"]
[GameId "2160767909639416"]
[EventDate "2011.11.03"]
[EventType "swiss"]
[EventRounds "7"]
[EventCountry "CAN"]
[SourceTitle "EXT 2022"]
[Source "ChessBase"]
[SourceDate "2021.10.06"]
[SourceVersion "1"]
[SourceVersionDate "2021.10.06"]
[SourceQuality "1"]

1. e4 c5 2. Nf3 Nc6 3. d4 cxd4 4. Nxd4 Nxd4 5. Qxd4 e6 6. Nc3 Nf6 7. Bg5 Be7 8. Bd3 b6 9. e5 Nh5 10. Bxe7 Qxe7 11. O-O f6 12. Bxh7 Rxh7 13. Qe4 fxe5 14. Qxa8 Kd8 15. Qxa7 Qb4 16. Qa3 Qxa3 17. bxa3 Ba6 18. Rfe1 d6 19. Rad1 Ke7 20. Rb1 b5 21. Nxb5 Bxb5 22. Rxb5 Kf6 23. Re4 g6 24. h3 Ng7 25. a4 d5 26. Reb4 d4 27. Rb7 Rh8 28. Rc7 Rf8 29. a5 Ne8 30. Rb8 Nxc7 31. Rxf8+ Ke7 32. Rc8 Nd5 33. a6 Nb6 34. a7 Nxc8 35. a8=Q Kd7 36. Qe4 Kd6 37. Qxg6 Nb6 38. h4 1-0

[Event "Scarborough CC Falling Leaves U1400"]
[Site "Toronto CAN"]
[Date "2011.11.10"]
[Round "2"]
[White "Zhao, Yanchun"]
[Black "Ming, Qing"]
[Result "1-0"]
[WhiteElo "1242"]
[BlackElo "1147"]
[PlyCount "59"]
[GameId "2160767909639417"]
[EventDate "2011.11.03"]
[EventType "swiss"]
[EventRounds "7"]
[EventCountry "CAN"]
[SourceTitle "EXT 2022"]
[Source "ChessBase"]
[SourceDate "2021.10.06"]
[SourceVersion "1"]
[SourceVersionDate "2021.10.06"]
[SourceQuality "1"]

1. e4 g6 2. d4 d6 3. Nf3 Bg7 4. Nc3 Nf6 5. Bc4 Nbd7 6. e5 Nh5 7. e6 fxe6 8. Bxe6 Nb6 9. Bb3 Bf5 10. Ng5 d5 11. g4 e5 12. gxf5 Bf6 13. Ne6 Qd7 14. dxe5 Bxe5 15. Qe2 Nc4 16. Bxc4 Bxc3+ 17. bxc3 dxc4 18. Bg5 Kf7 19. Qxc4 Rhe8 20. O-O Qd6 21. Nxc7+ Kg7 22. Nxa8 Rxa8 23. Rad1 Qe5 24. Rd7+ Kh8 25. Qf7 Qg7 26. Qxg7+ Nxg7 27. Bf6 Rg8 28. Re1 gxf5 29. Ree7 Rc8 30. Rxg7 1-0

[Event "Scarborough CC Falling Leaves U1400"]
[Site "Toronto CAN"]
[Date "2011.11.17"]
[Round "3"]
[White "Deng, Yi"]
[Black "Roy, Harrison"]
[Result "1-0"]
[WhiteElo "1027"]
[BlackElo "915"]
[PlyCount "47"]
[GameId "2160767909639418"]
[EventDate "2011.11.03"]
[EventType "swiss"]
[EventRounds "7"]
[EventCountry "CAN"]
[SourceTitle "EXT 2022"]
[Source "ChessBase"]
[SourceDate "2021.10.06"]
[SourceVersion "1"]
[SourceVersionDate "2021.10.06"]
[SourceQuality "1"]

1. d4 Nf6 2. Nf3 d5 3. c4 dxc4 4. Bg5 Nc6 5. e3 Bg4 6. Bxc4 e5 7. Be2 Bxf3 8. Bxf3 Be7 9. Nc3 O-O 10. Bxc6 bxc6 11. dxe5 Nd7 12. Bxe7 Qxe7 13. f4 Rab8 14. b3 Rbd8 15. Qf3 Qc5 16. Na4 Qc2 17. O-O Rfe8 18. Rfc1 Qd2 19. Rxc6 Rxe5 20. Rxc7 Rxe3 21. Rd1 Re1+ 22. Rxe1 Qxe1+ 23. Qf1 Qxf1+ 24. Kxf1 1-0

[Event "Scarborough CC Falling Leaves U1400"]
[Site "Toronto CAN"]
[Date "2011.11.17"]
[Round "3"]
[White "Frias, Evnato"]
[Black "Mendrinos, Ari"]
[Result "1-0"]
[WhiteElo "1241"]
[BlackElo "1393"]
[PlyCount "99"]
[GameId "2160767909639419"]
[EventDate "2011.11.03"]
[EventType "swiss"]
[EventRounds "7"]
[EventCountry "CAN"]
[SourceTitle "EXT 2022"]
[Source "ChessBase"]
[SourceDate "2021.10.06"]
[SourceVersion "1"]
[SourceVersionDate "2021.10.06"]
[SourceQuality "1"]

1. e4 e6 2. d4 d5 3. e5 c5 4. Nf3 Nc6 5. Bb5 Bd7 6. Bxc6 Bxc6 7. O-O Qb6 8. b3 Ne7 9. Ba3 cxd4 10. Nxd4 Ng6 11. Bxf8 Rxf8 12. Nxc6 bxc6 13. Qh5 h6 14. Nd2 O-O-O 15. c4 d4 16. Ne4 Qc7 17. f4 Qe7 18. c5 Qh4 19. Qf3 Rd5 20. Nd6+ Kb8 21. b4 Qd8 22. Qd3 Qc7 23. a4 Ne7 24. Rab1 Nc8 25. b5 Ka8 26. b6 axb6 27. cxb6 Nxb6 28. Qa6+ Qa7 29. Rxb6 Ra5 30. Qxa7+ Rxa7 31. Rxc6 Rxa4 32. Rc8+ Rxc8 33. Nxc8 Kb7 34. Nd6+ Ka6 35. Rd1 Kb6 36. Rd3 Kc5 37. Kf2 Ra2+ 38. Kf3 Rc2 39. h4 Rc3 40. Ke4 Rxd3 41. Kxd3 f6 42. g4 fxe5 43. fxe5 Kd5 44. Nc4 g6 45. h5 g5 46. Nd6 Kxe5 47. Nf7+ Kf4 48. Nxh6 e5 49. Nf7 Kxg4 50. h6 1-0

[Event "Scarborough CC Falling Leaves U1400"]
[Site "Toronto CAN"]
[Date "2011.11.17"]
[Round "3"]
[White "Guo, Thomas"]
[Black "Chen, George"]
[Result "0-1"]
[WhiteElo "1038"]
[BlackElo "1227"]
[PlyCount "64"]
[GameId "2160767909639420"]
[EventDate "2011.11.03"]
[EventType "swiss"]
[EventRounds "7"]
[EventCountry "CAN"]
[SourceTitle "EXT 2022"]
[Source "ChessBase"]
[SourceDate "2021.10.06"]
[SourceVersion "1"]
[SourceVersionDate "2021.10.06"]
[SourceQuality "1"]

1. d4 d5 2. Bf4 Nc6 3. Nc3 a6 4. Nf3 Nf6 5. e3 Bg4 6. Be2 e6 7. Ne5 Bxe2 8. Nxc6 bxc6 9. Qxe2 Bd6 10. Bg5 h6 11. Bh4 Be7 12. Qf3 Rb8 13. b3 Bb4 14. e4 dxe4 15. Qh3 Be7 16. f3 exf3 17. Qxf3 Qd7 18. Rf1 a5 19. Rd1 Rb4 20. Rd3 O-O 21. Bxf6 Bxf6 22. Qg4 Be7 23. d5 Rxg4 24. dxc6 Qxc6 25. Rff3 Rxg2 26. Kf1 Rxh2 27. Rg3 Rxc2 28. Rg1 Rxc3 29. Rd2 Rc1+ 30. Kf2 Bc5+ 31. Ke2 Rxg1 32. b4 Qe4# 0-1

[Event "Scarborough CC Falling Leaves U1400"]
[Site "Toronto CAN"]
[Date "2011.11.17"]
[Round "3"]
[White "Lu, Leo"]
[Black "Kaneshalingam, Mathanhe"]
[Result "0-1"]
[WhiteElo "973"]
[BlackElo "993"]
[PlyCount "96"]
[GameId "2160767909639422"]
[EventDate "2011.11.03"]
[EventType "swiss"]
[EventRounds "7"]
[EventCountry "CAN"]
[SourceTitle "EXT 2022"]
[Source "ChessBase"]
[SourceDate "2021.10.06"]
[SourceVersion "1"]
[SourceVersionDate "2021.10.06"]
[SourceQuality "1"]

1. e4 c5 2. Bc4 e5 3. d3 Nf6 4. Nf3 Bd6 5. Ng5 O-O 6. Nxf7 Rxf7 7. Bxf7+ Kxf7 8. O-O Nc6 9. Nc3 Kg8 10. Nb5 Be7 11. c3 d6 12. Qb3+ Kh8 13. Be3 a6 14. Na3 Qe8 15. Rad1 Qg6 16. f3 Rb8 17. Rf2 Nh5 18. Qb6 Nf4 19. Rdd2 Nh3+ 20. Kf1 Nxf2 21. Rxf2 Be6 22. c4 Bh4 23. Rd2 Bg5 24. Nc2 h6 25. Qc7 Bf7 26. Qd7 Qe6 27. Qc7 Bd8 28. d4 Bxc7 29. d5 Qd7 30. dxc6 Qxc6 31. Kg1 Ba5 32. Re2 Bxc4 33. Rf2 Bxa2 34. Kh1 Bb3 35. Na1 Qb5 36. Kg1 Be6 37. Kh1 Be1 38. Kg1 Bxf2+ 39. Kxf2 Qxb2+ 40. Kg3 Qxa1 41. Kf2 b5 42. Ke2 b4 43. Kd3 b3 44. Ke2 b2 45. Kf2 b1=Q 46. Kg3 Qe1+ 47. Bf2 g5 48. f4 exf4+ 0-1

[Event "Scarborough CC Falling Leaves U1400"]
[Site "Toronto CAN"]
[Date "2011.11.17"]
[Round "3"]
[White "Maurer, Hans"]
[Black "Liao, Jacky"]
[Result "0-1"]
[WhiteElo "991"]
[BlackElo "1281"]
[PlyCount "60"]
[GameId "2160767909639423"]
[EventDate "2011.11.03"]
[EventType "swiss"]
[EventRounds "7"]
[EventCountry "CAN"]
[SourceTitle "EXT 2022"]
[Source "ChessBase"]
[SourceDate "2021.10.06"]
[SourceVersion "1"]
[SourceVersionDate "2021.10.06"]
[SourceQuality "1"]

1. e4 d6 2. d4 Nf6 3. Nc3 g6 4. h3 Bg7 5. Nf3 O-O 6. Bf4 c5 7. d5 b5 8. Bxb5 Nxe4 9. O-O Bxc3 10. bxc3 Nxc3 11. Qd3 Qa5 12. Bc4 Bf5 13. Qe3 Qb4 14. Bd3 Nxd5 15. a3 Qxf4 16. Qxf4 Nxf4 17. Bxf5 gxf5 18. Rfe1 e6 19. g3 Ng6 20. Rad1 d5 21. Rb1 Nc6 22. c3 Rab8 23. Rbc1 Rb3 24. a4 Rfb8 25. Nd2 Ra3 26. c4 Nce5 27. cxd5 Nd3 28. Re3 Nxc1 29. Rxa3 exd5 30. Rc3 Ne2+ 0-1

[Event "Scarborough CC Falling Leaves U1400"]
[Site "Toronto CAN"]
[Date "2011.11.17"]
[Round "3"]
[White "Ming, Wenyang"]
[Black "Jimenez, Michael"]
[Result "1-0"]
[WhiteElo "1215"]
[BlackElo "838"]
[PlyCount "47"]
[GameId "2160767909639425"]
[EventDate "2011.11.03"]
[EventType "swiss"]
[EventRounds "7"]
[EventCountry "CAN"]
[SourceTitle "EXT 2022"]
[Source "ChessBase"]
[SourceDate "2021.10.06"]
[SourceVersion "1"]
[SourceVersionDate "2021.10.06"]
[SourceQuality "1"]

1. e4 e5 2. Nf3 Nc6 3. Bc4 Nf6 4. d3 h6 5. Nc3 d6 6. Be3 Bg4 7. h3 Bh5 8. g4 Bg6 9. Qd2 Be7 10. O-O-O O-O 11. Rdg1 a6 12. Ne1 b5 13. Bb3 Qd7 14. f4 Rfb8 15. f5 Bh7 16. Nd5 Nxd5 17. Bxd5 a5 18. g5 Nb4 19. Bxa8 Rxa8 20. gxh6 Bf8 21. hxg7 Nxa2+ 22. Kd1 Nb4 23. Bh6 f6 24. gxf8=Q# 1-0

[Event "Scarborough CC Falling Leaves U1400"]
[Site "Toronto CAN"]
[Date "2011.11.17"]
[Round "3"]
[White "Yu, Tianxi"]
[Black "Thornton, Bill"]
[Result "0-1"]
[WhiteElo "1024"]
[BlackElo "1290"]
[PlyCount "106"]
[GameId "2160767909639428"]
[EventDate "2011.11.03"]
[EventType "swiss"]
[EventRounds "7"]
[EventCountry "CAN"]
[SourceTitle "EXT 2022"]
[Source "ChessBase"]
[SourceDate "2021.10.06"]
[SourceVersion "1"]
[SourceVersionDate "2021.10.06"]
[SourceQuality "1"]

1. e4 e5 2. Nf3 Nc6 3. d4 exd4 4. Nxd4 Nxd4 5. Qxd4 d6 6. Nc3 Be7 7. Qd1 Nf6 8. Bg5 O-O 9. Bd3 Be6 10. O-O h6 11. Bh4 c6 12. Qe2 Nd7 13. Bxe7 Qxe7 14. Bc4 Ne5 15. Bxe6 fxe6 16. Rad1 Rae8 17. b3 d5 18. f3 Qc5+ 19. Kh1 Qxc3 20. f4 Ng6 21. f5 exf5 22. Qd3 Qxd3 23. cxd3 fxe4 24. Rxf8+ Rxf8 25. dxe4 dxe4 26. h3 Rf7 27. Rd4 Re7 28. Rd8+ Kf7 29. Rd6 Nf4 30. Rd4 Nd5 31. Kg1 e3 32. Kf1 Re6 33. Ke2 Rf6 34. Ra4 a6 35. Re4 Nc3+ 36. Kxe3 Nxe4 37. Kxe4 Rd6 38. g4 c5 39. Ke5 Rd8 40. Kf5 b5 41. h4 c4 42. g5 hxg5 43. hxg5 c3 44. g6+ Ke7 45. a4 c2 46. axb5 axb5 47. b4 c1=Q 48. Ke5 Qc6 49. Kf5 Rd5+ 50. Ke4 Qc4+ 51. Ke3 Rd3+ 52. Ke2 Qc2+ 53. Ke1 Rd1# 0-1

[Event "Scarborough CC Falling Leaves U1400"]
[Site "Toronto CAN"]
[Date "2011.11.17"]
[Round "3"]
[White "Zhao, Yanchun"]
[Black "Lin, Benjamin1"]
[Result "1/2-1/2"]
[WhiteElo "1242"]
[BlackElo "1174"]
[PlyCount "93"]
[GameId "2160767909639429"]
[EventDate "2011.11.03"]
[EventType "swiss"]
[EventRounds "7"]
[EventCountry "CAN"]
[SourceTitle "EXT 2022"]
[Source "ChessBase"]
[SourceDate "2021.10.06"]
[SourceVersion "1"]
[SourceVersionDate "2021.10.06"]
[SourceQuality "1"]

1. e4 c5 2. Nf3 Nc6 3. d4 cxd4 4. Nxd4 e5 5. Nb5 a6 6. Nd6+ Bxd6 7. Qxd6 Qe7 8. Qd1 Nf6 9. Nc3 O-O 10. a3 d6 11. Bg5 h6 12. Bh4 Be6 13. Be2 Nd4 14. O-O Nxe2+ 15. Qxe2 Rac8 16. Qd2 b5 17. h3 Rc6 18. Rfe1 Rfc8 19. Kh1 Kh7 20. Rac1 Rg8 21. Qd3 g5 22. Bg3 Rg6 23. h4 g4 24. Nd5 Bxd5 25. exd5 Rc5 26. Qf5 Qd7 27. Qxd7 Nxd7 28. Red1 Nf6 29. Rd3 Ne4 30. Kh2 f5 31. b4 Rc3 32. Kg1 f4 33. Bh2 Rxd3 34. cxd3 Nf6 35. g3 Nxd5 36. gxf4 Nxf4 37. Rc7+ Rg7 38. Rc6 Rd7 39. Bxf4 exf4 40. Kg2 Kg6 41. f3 h5 42. Rxa6 Kf5 43. Ra5 d5 44. Rxb5 g3 45. d4 Ke6 46. a4 Kd6 47. Rc5 1/2-1/2

[Event "Scarborough CC Falling Leaves U1400"]
[Site "Toronto CAN"]
[Date "2011.11.17"]
[Round "3"]
[White "Zhong, Joey"]
[Black "Wang, Eric1"]
[Result "0-1"]
[WhiteElo "1366"]
[BlackElo "1501"]
[PlyCount "83"]
[GameId "2160767909639430"]
[EventDate "2011.11.03"]
[EventType "swiss"]
[EventRounds "7"]
[EventCountry "CAN"]
[SourceTitle "EXT 2022"]
[Source "ChessBase"]
[SourceDate "2021.10.06"]
[SourceVersion "1"]
[SourceVersionDate "2021.10.06"]
[SourceQuality "1"]

1. d4 Nf6 2. Nf3 g6 3. c4 Bg7 4. g3 d6 5. Bg2 O-O 6. Nc3 Nbd7 7. O-O Re8 8. h3 e5 9. e4 a6 10. Re1 Rb8 11. Rb1 exd4 12. Nxd4 c5 13. Nc2 b5 14. cxb5 axb5 15. Qxd6 Rb6 16. Qd1 b4 17. Nd5 Rbe6 18. Bf4 Ne5 19. Nce3 Bb7 20. Qb3 Nxd5 21. Nxd5 g5 22. Be3 Bf8 23. Rbd1 c4 24. Qc2 Nd3 25. Re2 Ba6 26. Bd2 Qb8 27. Bxg5 Bg7 28. b3 cxb3 29. axb3 Nb2 30. Red2 Nxd1 31. Qxd1 Bb7 32. Nf4 Re5 33. Qg4 Qc8 34. Rd7 Rxg5 35. Qxg5 Qxd7 36. Nh5 Qa4 37. Qb5 Rb8 38. Qg5 Bc8 39. Qh4 Bb7 40. f4 Qa7+ 41. Kh2 Bxe4 42. Qg4 0-1

[Event "Scarborough CC Falling Leaves U1400"]
[Site "Toronto CAN"]
[Date "2011.11.24"]
[Round "4"]
[White "Chen, George"]
[Black "Zhao, Yanchun"]
[Result "0-1"]
[WhiteElo "1227"]
[BlackElo "1242"]
[PlyCount "66"]
[GameId "2160767909639432"]
[EventDate "2011.11.03"]
[EventType "swiss"]
[EventRounds "7"]
[EventCountry "CAN"]
[SourceTitle "EXT 2022"]
[Source "ChessBase"]
[SourceDate "2021.10.06"]
[SourceVersion "1"]
[SourceVersionDate "2021.10.06"]
[SourceQuality "1"]

1. d4 d5 2. c4 c6 3. Nc3 Nf6 4. Bg5 Nbd7 5. e3 e6 6. Nf3 Be7 7. Be2 h6 8. Bf4 O-O 9. O-O Nh5 10. Be5 f6 11. Bg3 Nxg3 12. hxg3 a6 13. Nd2 b5 14. c5 e5 15. f4 e4 16. b4 f5 17. g4 Nf6 18. gxf5 Bxf5 19. Nb3 Qd7 20. Qe1 Bg4 21. Qf2 Nh5 22. Qe1 Bxe2 23. Nxe2 Qg4 24. Na5 Rac8 25. Nb3 Bh4 26. Qd1 Rf6 27. f5 Rcf8 28. Nf4 Qxd1 29. Raxd1 Nxf4 30. Rxf4 Bg5 31. Rff1 Bxe3+ 32. Kh1 Rxf5 33. Rfe1 Rh5# 0-1

[Event "Scarborough CC Falling Leaves U1400"]
[Site "Toronto CAN"]
[Date "2011.11.24"]
[Round "4"]
[White "Mendrinos, Ari"]
[Black "Lin, Benjamin1"]
[Result "1-0"]
[WhiteElo "1393"]
[BlackElo "1174"]
[PlyCount "39"]
[GameId "2160767909639434"]
[EventDate "2011.11.03"]
[EventType "swiss"]
[EventRounds "7"]
[EventCountry "CAN"]
[SourceTitle "EXT 2022"]
[Source "ChessBase"]
[SourceDate "2021.10.06"]
[SourceVersion "1"]
[SourceVersionDate "2021.10.06"]
[SourceQuality "1"]

1. c4 Nf6 2. Nc3 g6 3. g3 Bg7 4. Bg2 O-O 5. Nf3 e6 6. O-O d5 7. cxd5 exd5 8. d4 Bf5 9. Nh4 Qd7 10. Nxf5 Qxf5 11. Qb3 Nc6 12. e3 Na5 13. Qb5 b6 14. Nxd5 Rad8 15. Ne7+ Kh8 16. Nxf5 gxf5 17. Qxf5 Rc8 18. Bd2 Nc4 19. Bc3 Nd6 20. Qd3 1-0

[Event "Scarborough CC Falling Leaves U1400"]
[Site "Toronto CAN"]
[Date "2011.11.24"]
[Round "4"]
[White "Pakerathan, Thurvan"]
[Black "Maurer, Hans"]
[Result "1-0"]
[WhiteElo "1096"]
[BlackElo "991"]
[PlyCount "95"]
[GameId "2160767909639435"]
[EventDate "2011.11.03"]
[EventType "swiss"]
[EventRounds "7"]
[EventCountry "CAN"]
[SourceTitle "EXT 2022"]
[Source "ChessBase"]
[SourceDate "2021.10.06"]
[SourceVersion "1"]
[SourceVersionDate "2021.10.06"]
[SourceQuality "1"]

1. e4 e5 2. Nf3 Nc6 3. Bb5 Qf6 4. d3 h6 5. Nc3 a6 6. Ba4 Bc5 7. Be3 d6 8. Qe2 Bg4 9. h3 Be6 10. O-O-O b5 11. Bb3 Nd4 12. Bxd4 Bxd4 13. Nxd4 exd4 14. Nd5 Qd8 15. Rd2 Nf6 16. Nxf6+ Qxf6 17. Bxe6 Qxe6 18. Qg4 O-O 19. Qxe6 fxe6 20. c3 c5 21. cxd4 Rac8 22. dxc5 Rxc5+ 23. Rc2 Rxc2+ 24. Kxc2 Rxf2+ 25. Kd1 Rxg2 26. Rf1 Rg6 27. d4 e5 28. dxe5 dxe5 29. Rf5 Rg1+ 30. Ke2 Rg2+ 31. Kf3 Rxb2 32. Rxe5 Rc2 33. Re8+ Kh7 34. e5 Kg6 35. Re6+ Kf7 36. Rxa6 Rc3+ 37. Ke4 Rc4+ 38. Kd5 Rc7 39. e6+ Ke7 40. Rb6 Rc8 41. Rb7+ Ke8 42. e7 g5 43. Kd6 h5 44. Rxb5 Ra8 45. Rxg5 Ra7 46. Rg7 Rd7+ 47. Ke6 Rxe7+ 48. Rxe7+ 1-0

[Event "Scarborough CC Falling Leaves U1400"]
[Site "Toronto CAN"]
[Date "2011.11.24"]
[Round "4"]
[White "Patel, Saiyam"]
[Black "Dattani, Dinesh"]
[Result "0-1"]
[WhiteElo "879"]
[BlackElo "1257"]
[PlyCount "50"]
[GameId "2160767909639437"]
[EventDate "2011.11.03"]
[EventType "swiss"]
[EventRounds "7"]
[EventCountry "CAN"]
[SourceTitle "EXT 2022"]
[Source "ChessBase"]
[SourceDate "2021.10.06"]
[SourceVersion "1"]
[SourceVersionDate "2021.10.06"]
[SourceQuality "1"]

1. e3 e5 2. Bc4 d5 3. Bb3 Nf6 4. Qf3 Bg4 5. Qg3 Bd6 6. Nf3 e4 7. Ne5 Bxe5 8. Qxe5+ Be6 9. Qf4 O-O 10. Rg1 Nbd7 11. g4 Nc5 12. g5 Nh5 13. Qh4 g6 14. c4 Nxb3 15. axb3 c6 16. f3 exf3 17. cxd5 Bxd5 18. e4 Re8 19. b4 Rxe4+ 20. Qxe4 Bxe4 21. Rg4 Qd3 22. Nc3 Re8 23. Ra3 Bf5+ 24. Re4 Rxe4+ 25. Nxe4 Qe2# 0-1

[Event "Scarborough CC Falling Leaves U1400"]
[Site "Toronto CAN"]
[Date "2011.11.24"]
[Round "4"]
[White "Roy, Harrison"]
[Black "Stroempl, Hedi"]
[Result "1/2-1/2"]
[WhiteElo "915"]
[BlackElo "1073"]
[PlyCount "98"]
[GameId "2160767909639438"]
[EventDate "2011.11.03"]
[EventType "swiss"]
[EventRounds "7"]
[EventCountry "CAN"]
[SourceTitle "EXT 2022"]
[Source "ChessBase"]
[SourceDate "2021.10.06"]
[SourceVersion "1"]
[SourceVersionDate "2021.10.06"]
[SourceQuality "1"]

1. e4 e5 2. Nf3 d6 3. Bc4 h6 4. Nc3 Nc6 5. O-O Nf6 6. d3 a6 7. Bd2 Be7 8. Nd5 b5 9. Nxf6+ Bxf6 10. Bd5 Qd7 11. Re1 O-O 12. Be3 Rb8 13. Nd2 Ne7 14. Qf3 c6 15. Bb3 a5 16. a4 b4 17. Qg3 Ng6 18. Nc4 Ra8 19. Nb6 Bh4 20. Nxd7 Bxg3 21. Nxf8 Bxf2+ 22. Bxf2 Kxf8 23. Re3 Ke7 24. Rf3 f6 25. Rd1 Bb7 26. d4 Rd8 27. dxe5 Nxe5 28. Rg3 g5 29. Rh3 Rh8 30. c3 c5 31. cxb4 cxb4 32. Bd5 Bxd5 33. exd5 g4 34. Rg3 h5 35. Rc1 f5 36. Re3 Kf6 37. Bg3 Rd8 38. Bxe5+ dxe5 39. Rc5 Ra8 40. d6 e4 41. b3 Ke6 42. Rc6 Rd8 43. Re2 Rxd6 44. Rxd6+ Kxd6 45. Rd2+ Ke5 46. Kf2 f4 47. Rc2 e3+ 48. Ke2 Ke4 49. Rc5 f3+ 1/2-1/2

[Event "Scarborough CC Falling Leaves U1400"]
[Site "Toronto CAN"]
[Date "2011.11.24"]
[Round "4"]
[White "Thornton, Bill"]
[Black "Thanabalachandran, Luxiga"]
[Result "1-0"]
[WhiteElo "1290"]
[BlackElo "894"]
[PlyCount "43"]
[GameId "2160767909639439"]
[EventDate "2011.11.03"]
[EventType "swiss"]
[EventRounds "7"]
[EventCountry "CAN"]
[SourceTitle "EXT 2022"]
[Source "ChessBase"]
[SourceDate "2021.10.06"]
[SourceVersion "1"]
[SourceVersionDate "2021.10.06"]
[SourceQuality "1"]

1. d4 Nf6 2. c4 d5 3. Nc3 dxc4 4. e3 Nc6 5. Bxc4 e5 6. d5 Nb4 7. a3 Na6 8. Bxa6 bxa6 9. e4 Bc5 10. Nf3 O-O 11. Bg5 h6 12. Bh4 Rb8 13. b4 Bd4 14. Nxd4 exd4 15. Qxd4 Re8 16. O-O g5 17. Bg3 Qe7 18. Rae1 Rb7 19. f4 gxf4 20. Bxf4 a5 21. Bxh6 Nh7 22. Qg7# 1-0

[Event "Scarborough CC Falling Leaves U1400"]
[Site "Toronto CAN"]
[Date "2011.12.01"]
[Round "5"]
[White "Frias, Evnato"]
[Black "Wu, Mark"]
[Result "1-0"]
[WhiteElo "1241"]
[BlackElo "979"]
[PlyCount "41"]
[GameId "2160767909639441"]
[EventDate "2011.11.03"]
[EventType "swiss"]
[EventRounds "7"]
[EventCountry "CAN"]
[SourceTitle "EXT 2022"]
[Source "ChessBase"]
[SourceDate "2021.10.06"]
[SourceVersion "1"]
[SourceVersionDate "2021.10.06"]
[SourceQuality "1"]

1. e4 e5 2. Nf3 Nc6 3. Nc3 Nf6 4. d4 exd4 5. Nxd4 h6 6. Nxc6 bxc6 7. Bd3 Bb4 8. Bd2 d5 9. exd5 cxd5 10. O-O O-O 11. Qf3 d4 12. Qxa8 dxc3 13. bxc3 Ba5 14. Qxa7 c6 15. Rae1 Ng4 16. Qe7 Qd5 17. Bh7+ Kxh7 18. Qxf8 Qh5 19. Bf4 Bxc3 20. Re7 Qh4 21. Bg3 1-0

[Event "Scarborough CC Falling Leaves U1400"]
[Site "Toronto CAN"]
[Date "2011.12.01"]
[Round "5"]
[White "Lin, Benjamin1"]
[Black "Liao, Jacky"]
[Result "0-1"]
[WhiteElo "1174"]
[BlackElo "1281"]
[PlyCount "120"]
[GameId "2160767909639442"]
[EventDate "2011.11.03"]
[EventType "swiss"]
[EventRounds "7"]
[EventCountry "CAN"]
[SourceTitle "EXT 2022"]
[Source "ChessBase"]
[SourceDate "2021.10.06"]
[SourceVersion "1"]
[SourceVersionDate "2021.10.06"]
[SourceQuality "1"]

1. c4 Nf6 2. d4 g6 3. Nc3 Bg7 4. e4 d6 5. Be2 O-O 6. Nf3 c5 7. d5 Bg4 8. O-O Nbd7 9. Be3 Bxf3 10. Bxf3 Ne5 11. Qe2 a6 12. a4 Qb6 13. Rab1 Qb3 14. Rfc1 Nxc4 15. Qd1 Qxd1+ 16. Nxd1 Nxe3 17. Nxe3 b5 18. axb5 axb5 19. b4 Rfc8 20. bxc5 Rxc5 21. Rxc5 dxc5 22. Rxb5 Ra1+ 23. Nf1 Re1 24. Rxc5 Nxe4 25. Rc2 Bf6 26. Re2 Rxe2 27. Bxe2 Bd4 28. Ne3 Kg7 29. g3 Kf6 30. Bf3 Ke5 31. Nc4+ Kxd5 32. Nd2 f5 33. g4 e6 34. Kg2 Ke5 35. Nc4+ Kf4 36. gxf5 exf5 37. Bxe4 fxe4 38. h3 e3 39. fxe3+ Bxe3 40. Nxe3 Kxe3 41. Kg3 h6 42. Kg4 Ke4 43. h4 Ke5 44. Kf3 Kf5 45. Kg3 Ke5 46. Kg4 Ke4 47. h5 g5 48. Kg3 Kf5 49. Kf3 g4+ 50. Kg3 Kg5 51. Kh2 Kxh5 52. Kg3 Kg5 53. Kh2 h5 54. Kg3 h4+ 55. Kf2 Kf4 56. Kg2 h3+ 57. Kf2 g3+ 58. Kf1 Kf3 59. Kg1 h2+ 60. Kh1 g2+ 0-1